Responses for Show #6491 - Monday, December 3, 2012

Jason Shore game 4.

Contestants

[<< previous game]

Basia Pioro, a development manager from George Town, Grand Cayman

Chris O'Toole, a writer from Pittsburgh, Pennsylvania

Jason Shore, a medical student from Plano, Texas (whose 3-day cash winnings total $67,800)

[next game >>]

Jeopardy! Round responses

AT THE VEGAS HOTEL
SPORTS ON FILM
SHAKESPEAREAN SCENE SETTINGS
(Alex: You have to identify the play for us.)
MONOPOLY TOKENS
6-LETTER WORDS
UNDER THE SEA IN BAJA
(Sarah: There's more to reef fish than a lot of pretty colors.)
    $200 21
New York, New York

Basia
    $200 12
basketball

Basia
    $200 23
Hamlet

Chris
    $200 1
a dog

Jason
    $200 7
señora

Jason
    $200 3
angelfish

Jason
    $400 22
the Luxor

Basia
    $400 16
boxing

Jason
    $400 24
The Taming of the Shrew

Triple Stumper
    $400 2
a boat

Basia
    $400 8
a league

Jason
    $400 13
(Chris: What are krill?)

algae

ChrisBasia
    $600 28
(Chris: What is Luxor?)

Caesars Palace

Chris
Triple Stumper
    $600 17
wrestling

Basia
    $600 25
Julius Caesar

Jason
    $600 4
the shoe

Chris
    $600 9
family

Jason
    $600 14
a scorpionfish

Triple Stumper
    $800 29
(Basia: Is it Camelot?)

Excalibur

Basia
Triple Stumper
    $800 19
golf

Jason
    $2,000 26
The Tempest

Jason
    $800 5
a wheelbarrow

Jason
    $800 10
a legacy

Jason
    $800 15
a scalpel

Jason
    $1000 30
Circus Circus

Triple Stumper
    $1000 20
bobsledding

Basia
    $1000 27
Othello

Basia
    $1000 6
a racecar

Jason
    $1000 11
a shamus

Triple Stumper
    $1000 18
a moray (eel)

Basia

Scores at the first commercial break (after clue 15):

Jason Chris Basia
$5,000 $200 $1,000

Scores at the end of the Jeopardy! Round:

Jason Chris Basia
$8,800 -$200 $4,400

Double Jeopardy! Round responses

PAINTED LADIES
SOMETIMES A GREAT "OTION"
MILITARY MITE
POP QUIZ
BUBBLE UP
MOUNTAIN DO
    $400 8
Marie Antoinette

Jason
    $400 12
commotion

Jason
    $400 5
the Civil War

Chris
    $400 1
(Chris: Who is Kanye West?)
[Initially ruled incorrect; reversed before Daily Double at clue 20 as the clue did not specify original artists and West did have hits with songs of those names.]

Kelly Clarkson

Chris
    $400 2
bubble bath

Chris
    $400 21
Mount Rainier

Triple Stumper
    $800 11
(Chris: Who is Lautrec?)
...
(Alex: When you talk about Tahitian women, you're talking about [*].)

Paul Gauguin

Chris
Triple Stumper
    $800 13
lotion

Jason
    $800 6
Napoléon

Jason
    $800 17
Alicia Keys

Jason
    $800 3
Michael Jackson

Chris
    $1,500 22
Colombia

Basia
    $1200 19
(Jason: Who is Dalí?)

Diego Rivera

Jason
Triple Stumper
    $1200 14
a potion

Jason
    $1200 7
a fighter jet

Basia
    $1200 18
"Call Me Maybe"

Basia
    $1200 4
the (Good) Witch of the North (Glinda)

Jason
    $1200 23
(Alex: With less than a minute to go, you're right.)

Mount Kilimanjaro

Jason
    $2,000 20
(Basia: Who is Picasso?)

Francisco Goya

Basia
    $1600 15
a devotion

Jason
    $1600 9
John Paul Jones

Jason
    $1600 24
The Cars

Jason
    $1600 26
bubble and squeak

Chris
    $1600 28
(Basia: What is Poland?)
(Chris: What is the Czech Republic?)

Romania

ChrisBasia
Triple Stumper
    $2000 16
a perputual motion machine

Chris
    $2000 10
the Philippines

Chris
    $2000 25
The Who

Chris
    $2000 27
a bubble chamber

Jason
    $2000 29
[The end-of-round signal sounds.]

Mount Logan

Triple Stumper

Scores at the end of the Double Jeopardy! Round:

Jason Chris Basia
$21,200 $7,000 $4,700
(lock game)

[wagering suggestions for these scores]

Final Jeopardy! Round responses

PHRASE ORIGINS
BasiaWhat is counter cultu
$4,699
ChrisWhat is going against the grain?
$6,999
JasonWhat is ----------
$3,800
politically incorrect

Final scores:

Jason Chris Basia
$17,400 $1 $1
4-day champion: $85,200 2nd place: $2,000 3rd place: $1,000

Game dynamics:

Coryat scores:

Jason Chris Basia
$20,000 $7,000 $6,000
25 R
(including 1 DD),
1 W
10 R,
4 W
12 R
(including 1 DD),
3 W
(including 1 DD)

Combined Coryat: $33,000

[game clues] [game scores] [suggest correction]

Game tape date: 2012-08-29
The J! Archive is created by fans, for fans. Scraping, republication, monetization, and malicious use prohibited; this site may use cookies and collect identifying information. See terms. The Jeopardy! game show and all elements thereof, including but not limited to copyright and trademark thereto, are the property of Jeopardy Productions, Inc. and are protected under law. This website is not affiliated with, sponsored by, or operated by Jeopardy Productions, Inc. Join the discussion at JBoard.tv.